| 000 | 01162cam a2200385M 4500 | ||
|---|---|---|---|
| 001 | 84868 | ||
| 005 | 20230410133007.0 | ||
| 008 | 080115s2007 sp 000 0 spa d | ||
| 035 | _a(OCoLC)ocn433626439 | ||
| 040 |
_aBNM _erdc _bspa _cBNM |
||
| 015 | _aMON0801 | ||
| 017 | _aM 32211-2007 | ||
| 020 | _a9788420661834 | ||
| 020 | _a842066183X | ||
| 035 | _a(OCoLC)433626439 | ||
| 041 | 1 |
_aspa _heng |
|
| 050 | 1 | 4 |
_aBD 111 _bH589f 2007 |
| 082 | 0 | 0 | _a165 |
| 049 | _aGRAL | ||
| 100 | 1 | _aHetherington, Stephen. | |
| 245 | 1 | 0 |
_aFilosofía _b: una breve introducción a la metafísica y a la epistemología / _cStephen Hetherington ; [traductor, Fabio Morales]. |
| 260 |
_aMadrid : _bAlianza Editorial, _c[2007] |
||
| 300 |
_a343 p. _c18 cm. |
||
| 490 | 1 | _aEl libro de bolsillo. Filosofía | |
| 500 | _aTranslation of: Reality? knowledge? philosophy! | ||
| 504 | _aIncluye referencias bibliográficas e índice. | ||
| 650 | 0 | _aMetaphysics | |
| 650 | 0 | _aKnowledge, Theory of | |
| 650 | 7 | _aMetafísica. | |
| 650 | 7 | _aEpistemología. | |
| 830 | 3 |
_aEl libro de bolsillo. _pFilosofía. |
|
| 942 |
_2lcc _cbk |
||
| 946 | _aPP | ||
| 994 |
_aC0 _bDRFGD |
||
| 999 |
_c91488 _d91488 |
||